000
00303nam a22001337a 4500
008
180315b xxu||||| |||| 00| 0 eng d
020
_a
9781414401751
041
_a
eng
080
_a
33
100
_a
57
101
_a
BEN
245
_a
Development of the industrial U.S.
_c
Benson,S.G
942
_2
udc
_c
BK
999
_c
45090
_d
45090